Statistics for Geometry Dash Demonlist at the end of each year

Click here to take the quiz!

General Stats

  • This quiz has been taken 13 times
  • The average score is 48 of 70

Answer Stats

Rank 2017Answer% Correct
2Acheron
100%
1Acheron
100%
5Bloodlust
100%
1Bloodlust
100%
1Slaughterhouse
100%
6Slaughterhouse
100%
2Slaughterhouse
100%
5Sonic Wave
100%
1Sonic Wave
100%
3Abyss of Darkness
86%
4Abyss of Darkness
86%
5arcturus
86%
9arcturus
86%
1Avernus
86%
8Digital Descent
86%
7Erebus
86%
4Erebus
86%
2Firework
86%
9Firework
86%
6Firework
86%
5Kyouki
86%
7Sakupen Circles
86%
5Sakupen Circles
86%
1Tartarus
86%
4Tartarus
86%
5Yatagarasu
86%
6Yatagarasu
86%
1Zodiac
86%
9Zodiac
86%
3Zodiac
86%
10Calculator Core
71%
8Codependence
71%
8Hard Machine
71%
2Kenos
71%
10Kenos
71%
4Kenos
71%
10KOCMOC
71%
7LIMBO
71%
10Oblivion
71%
2Plasma Pulse Finale
71%
3Plasma Pulse Finale
71%
8poocubed
71%
4Silent Clubstep
71%
3Silent Clubstep
71%
6Stalemate Redux
71%
2The Golden
71%
7The Golden
71%
3Trueffet
71%
9Arctic Lights
57%
5Crimson Planet
57%
3Crimson Planet
57%
8Deimos
57%
6Sonic Wave Infinity
57%
8Cognition
43%
7Cold Sweat
43%
8Devil Vortex
43%
6Lucid Nightmares
43%
9Quantum Processing
43%
2Spacial Rend
43%
9Thinking Space
43%
10Cadrega City
29%
4Gamma
29%
3Gamma
29%
7kowareta
29%
4Renevant
29%
6Renevant
29%
10Visible Ray
29%
9ZAPHKIEL
29%
7ZAPHKIEL
29%
10Celestial Force
14%

Score Distribution

Percentile by Number Answered

Percent of People with Each Score

Your Score History

You have not taken this quiz